000 00204 a2200097 4500
001 23524
100 _aPrensky, S D
245 _aElectronic instrumentation
260 _a
_b
_c1963
090 _c15913
_d15913
942 _aNUST-CAE
_cM
_c6573
999 _c258597
_d258597